Album de paleografia hispanoamericana de los siglos xvi y xvii. tomo 2 /
Guardado en:
| Autor Principal: | |
|---|---|
| Formato: | Libro |
| Publicado: |
Mexico :
Fourmnier,
1955
|
| Materias: | |
| Etiquetas: |
Agregar Etiqueta
Sin Etiquetas, Sea el primero en etiquetar este registro!
|
| LEADER | 00503nam a22001455a 4500 | ||
|---|---|---|---|
| 001 | EHU.bham016721 | ||
| 003 | AR-BHAM | ||
| 005 | 20100517152730.0 | ||
| 008 | 130507s1955##################000#0#####d | ||
| 082 | 4 | 6 | |a 461 |
| 100 | 1 | |a Millares Carlo, Agustin | |
| 245 | 1 | 0 | |a Album de paleografia hispanoamericana de los siglos xvi y xvii. tomo 2 / |c Agustin Millares Carlo |
| 260 | |a Mexico : |b Fourmnier, |c 1955 | ||
| 653 | |a Castellano-escritura | ||
| 859 | |a AR-BHAM |b BIB. HUMANIDADES - Arturo Marasso |h 461 |i M611 |p 2993.57 |t Ej.1 |v II M |3 II | ||
